[Event "Gold Coast op"]
[Site "Nerang"]
[Date "2024.06.30"]
[Round "7"]
[White "Melkumyan, Hrant"]
[Black "Stojic, Dusan"]
[Result "1-0"]
[WhiteElo "2646"]
[BlackElo "2231"]
[PlyCount "69"]
[EventDate "2024.06.27"]
[EventType "swiss"]
[EventRounds "9"]
[EventCountry "AUS"]
[SourceTitle "EXT 2025"]
[Source "ChessBase"]
[SourceDate "2024.10.14"]
[SourceVersion "1"]
[SourceVersionDate "2024.10.14"]
[SourceQuality "1"]

1. Nf3 Nf6 2. c4 g6 3. Nc3 d5 4. cxd5 Nxd5 5. e4 Nxc3 6. bxc3 Bg7 7. Be2 c5 8. 0-0 Nc6 9. Qa4 Bd7 10. Qa3 Qa5 11. Rb1 Qxa3 12. Bxa3 b6 13. Rbd1 e5 14. Bc4 Be6 15. Bb5 Bd7 16. Bc4 Be6 17. Bb5 Bd7 18. d3 Rd8 19. Bb2 Na5 20. c4 f6 21. Bc3 Bxb5 22. cxb5 Nb7 23. Rfe1 Rd7 24. Kf1 Ke7 25. Ke2 Rhd8 26. g4 Ke6 27. a4 Nd6 28. h4 c4 29. Kf1 cxd3 30. Rxd3 Nb7 31. Rxd7 Rxd7 32. Bb4 Rd3 33. Rc1 Rxf3 34. Rc7 Rb3 35. Re7# 1-0

[Event "Gold Coast op"]
[Site "Nerang"]
[Date "2024.06.30"]
[Round "6"]
[White "Zhao, Zong Yuan"]
[Black "Melkumyan, Hrant"]
[Result "1/2-1/2"]
[WhiteElo "2478"]
[BlackElo "2646"]
[PlyCount "47"]
[EventDate "2024.06.27"]
[EventType "swiss"]
[EventRounds "9"]
[EventCountry "AUS"]
[SourceTitle "EXT 2025"]
[Source "ChessBase"]
[SourceDate "2024.10.14"]
[SourceVersion "1"]
[SourceVersionDate "2024.10.14"]
[SourceQuality "1"]

1. e4 c6 2. Nf3 d5 3. d3 dxe4 4. dxe4 Qxd1+ 5. Kxd1 Nf6 6. Nbd2 Nbd7 7. Bd3 Nc5 8. a4 Bg4 9. a5 0-0-0 10. Ke2 e5 11. h3 Bxf3+ 12. gxf3 Ne6 13. Nc4 Bd6 14. Be3 a6 15. Nxd6+ Rxd6 16. Bc4 Rhd8 17. Bxe6+ Rxe6 18. Rhd1 Rxd1 19. Rxd1 Nh5 20. h4 Re7 21. b4 Rd7 22. Rb1 f6 23. c4 Kd8 24. b5 1/2-1/2

[Event "Gold Coast op"]
[Site "Nerang"]
[Date "2024.06.29"]
[Round "5"]
[White "Melkumyan, Hrant"]
[Black "Rodgers, Jack"]
[Result "1-0"]
[WhiteElo "2646"]
[BlackElo "2132"]
[PlyCount "83"]
[EventDate "2024.06.27"]
[EventType "swiss"]
[EventRounds "9"]
[EventCountry "AUS"]
[SourceTitle "EXT 2025"]
[Source "ChessBase"]
[SourceDate "2024.10.14"]
[SourceVersion "1"]
[SourceVersionDate "2024.10.14"]
[SourceQuality "1"]

1. d4 g6 2. e4 Bg7 3. Nf3 d6 4. Bc4 a6 5. 0-0 b5 6. Bd5 Ra7 7. a4 e6 8. Bb3 b4 9. d5 e5 10. Be3 Ra8 11. a5 Nf6 12. Ba4+ Kf8 13. Qd3 h6 14. Bd2 g5 15. Bxb4 Nh5 16. c4 Nf4 17. Qd1 g4 18. Ne1 Nd7 19. Bxd7 Bxd7 20. Nd3 h5 21. Nxf4 exf4 22. Bc3 Qg5 23. Bxg7+ Qxg7 24. Qd2 f3 25. Qc3 f6 26. Nd2 h4 27. c5 Bb5 28. Rfc1 Be2 29. cxd6 cxd6 30. Qc7 Rh7 31. Qxd6+ Kg8 32. Qe6+ Kh8 33. Rc8+ Rxc8 34. Qxc8+ Qg8 35. Rc1 Rg7 36. d6 Bb5 37. Qf5 g3 38. Qxf3 gxf2+ 39. Qxf2 h3 40. Qh4+ Rh7 41. Qxf6+ Rg7 42. Rc7 1-0

[Event "Gold Coast op"]
[Site "Nerang"]
[Date "2024.06.28"]
[Round "3"]
[White "Melkumyan, Hrant"]
[Black "Liu, Yi"]
[Result "1/2-1/2"]
[WhiteElo "2646"]
[BlackElo "2268"]
[PlyCount "85"]
[EventDate "2024.06.27"]
[EventType "swiss"]
[EventRounds "9"]
[EventCountry "AUS"]
[SourceTitle "EXT 2025"]
[Source "ChessBase"]
[SourceDate "2024.10.14"]
[SourceVersion "1"]
[SourceVersionDate "2024.10.14"]
[SourceQuality "1"]

1. c4 e6 2. Nc3 d5 3. d4 Nf6 4. Bf4 c5 5. e3 cxd4 6. exd4 dxc4 7. Bxc4 Nc6 8. Nf3 Be7 9. 0-0 0-0 10. a3 b6 11. Qd3 Bb7 12. Rad1 Rc8 13. Ba2 Na5 14. b4 Bxf3 15. gxf3 Nc6 16. d5 exd5 17. Nxd5 Nxd5 18. Bxd5 Bf6 19. Qe4 Qe8 20. Kg2 Qxe4 21. Bxe4 Nd4 22. Rd3 g6 23. Rfd1 Rfd8 24. Bb7 Ne6 25. Rxd8+ Rxd8 26. Rxd8+ Bxd8 27. Bb8 a5 28. bxa5 bxa5 29. Kf1 Kf8 30. Ke2 Ke7 31. Bd5 Bb6 32. a4 Bc7 33. Bxc7 Nxc7 34. Bb3 Ne6 35. Kd3 Nc5+ 36. Kc4 Nxb3 37. Kxb3 Kd6 38. Kc4 Kc6 39. f4 f6 40. Kd4 Kd6 41. Kc4 Kc6 42. Kd4 Kd6 43. Kc4 1/2-1/2

[Event "Titled Tuesday intern op 14th May Late"]
[Site "Chess.com INT"]
[Date "2024.05.14"]
[Round "4"]
[White "Melkumyan, Hrant"]
[Black "Blanco Ronquillo, Humberto L"]
[Result "1-0"]
[WhiteElo "2647"]
[BlackElo "2442"]
[PlyCount "97"]
[EventDate "2024.05.14"]
[EventType "swiss (blitz)"]
[EventRounds "11"]
[EventCountry "USA"]
[SourceTitle "CBM 220 Extra"]
[Source "ChessBase"]
[SourceDate "2024.07.31"]
[SourceVersion "1"]
[SourceVersionDate "2024.07.31"]
[SourceQuality "1"]

1. c4 e6 2. g3 d5 3. Bg2 Nf6 4. Nf3 d4 5. 0-0 Nc6 6. d3 h6 7. e3 Bc5 8. exd4 Nxd4 9. Nc3 0-0 10. Be3 Re8 11. Re1 e5 12. Bxd4 Bxd4 13. Nxd4 Qxd4 14. Nb5 Qb6 15. a4 a6 16. c5 Qxc5 17. Rc1 Qb6 18. Nxc7 Bd7 19. Nxa8 Rxa8 20. Rxe5 Qxb2 21. Re2 Qd4 22. Bxb7 Rb8 23. Bxa6 Bg4 24. Bb5 Nd5 25. Re4 Qxe4 26. dxe4 Bxd1 27. Rxd1 Nc3 28. Rd4 Nxb5 29. Rb4 Kf8 30. axb5 Rb6 31. f4 Ke7 32. Kf2 Kd6 33. Ke3 Kc5 34. Rb1 Rxb5 35. Rxb5+ Kxb5 36. Kd4 Kc6 37. Ke5 Kc5 38. g4 Kc6 39. h4 Kd7 40. h5 Ke7 41. Kd5 Kd7 42. e5 Ke7 43. f5 Kd7 44. g5 Ke8 45. f6 gxf6 46. gxh6 Kf8 47. exf6 Kg8 48. Kd6 Kh7 49. Ke7 1-0

[Event "Titled Tuesday intern op 14th May Late"]
[Site "Chess.com INT"]
[Date "2024.05.14"]
[Round "3"]
[White "Wagner, Dennis"]
[Black "Melkumyan, Hrant"]
[Result "1-0"]
[WhiteElo "2613"]
[BlackElo "2647"]
[PlyCount "85"]
[EventDate "2024.05.14"]
[EventType "swiss (blitz)"]
[EventRounds "11"]
[EventCountry "USA"]
[SourceTitle "CBM 220 Extra"]
[Source "ChessBase"]
[SourceDate "2024.07.31"]
[SourceVersion "1"]
[SourceVersionDate "2024.07.31"]
[SourceQuality "1"]

1. d4 Nf6 2. c4 g6 3. Nc3 Bg7 4. e4 d6 5. Be2 0-0 6. Nf3 c5 7. 0-0 Re8 8. d5 e6 9. h3 Na6 10. Bf4 exd5 11. exd5 Ne4 12. Nxe4 Rxe4 13. Bg5 Bf6 14. Bd3 Re8 15. Qd2 Bxg5 16. Nxg5 Bd7 17. Qf4 f5 18. Rae1 Qf6 19. b3 Nc7 20. Bb1 Rxe1 21. Rxe1 Re8 22. Ne4 Qe5 23. Qxe5 Rxe5 24. Nf6+ Kf7 25. Rxe5 Kxf6 26. Re1 Kf7 27. f4 Ne8 28. Kf2 Nf6 29. Kf3 b5 30. Bd3 b4 31. a3 a5 32. axb4 axb4 33. Ra1 Ke7 34. Ra8 Kf7 35. Ke3 Ke7 36. Rh8 Kf7 37. Be2 Kg7 38. Rd8 Kf7 39. Bf3 Ke7 40. Ra8 Kf7 41. Ra7 Ke7 42. g4 Kf8 43. g5 1-0

[Event "Titled Tuesday intern op 07th May Late"]
[Site "Chess.com INT"]
[Date "2024.05.07"]
[Round "1"]
[White "Koc, Przemyslaw"]
[Black "Melkumyan, Hrant"]
[Result "0-1"]
[WhiteElo "2346"]
[BlackElo "2647"]
[PlyCount "40"]
[EventDate "2024.05.07"]
[EventType "swiss (blitz)"]
[EventRounds "11"]
[EventCountry "USA"]
[SourceTitle "EXT 2025"]
[Source "ChessBase"]
[SourceDate "2024.10.14"]
[SourceVersion "1"]
[SourceVersionDate "2024.10.14"]
[SourceQuality "1"]

1. d4 Nf6 2. Bg5 g6 3. Bxf6 exf6 4. c4 f5 5. Nc3 Bg7 6. e3 0-0 7. g3 c5 8. Nge2 d6 9. Bg2 Nc6 10. 0-0 cxd4 11. exd4 Qb6 12. Nd5 Qxb2 13. Rb1 Qa3 14. Nc7 f4 15. Rb3 Qxa2 16. Nxa8 Bg4 17. f3 Bf5 18. Rxb7 Rxa8 19. d5 Na5 20. Nxf4 Nxb7 0-1

[Event "Titled Tuesday intern op 30th Apr Late"]
[Site "Chess.com INT"]
[Date "2024.04.30"]
[Round "2"]
[White "Chor, Kevin"]
[Black "Melkumyan, Hrant"]
[Result "0-1"]
[WhiteElo "1966"]
[BlackElo "2640"]
[PlyCount "102"]
[EventDate "2024.04.30"]
[EventType "swiss (blitz)"]
[EventRounds "11"]
[EventCountry "USA"]
[SourceTitle "EXT 2025"]
[Source "ChessBase"]
[SourceDate "2024.10.14"]
[SourceVersion "1"]
[SourceVersionDate "2024.10.14"]
[SourceQuality "1"]

1. e4 e5 2. Nf3 Nc6 3. Bb5 a6 4. Ba4 Nge7 5. 0-0 Ng6 6. d4 Nxd4 7. Nxd4 exd4 8. Qxd4 Qf6 9. Qxf6 gxf6 10. Nc3 c6 11. Be3 d6 12. Nd5 Kd8 13. Bb6+ Kd7 14. Nxf6+ Ke7 15. Bd4 Bg7 16. Nd5+ cxd5 17. Bxg7 Rg8 18. Bc3 dxe4 19. Rfe1 d5 20. Bb4+ Kf6 21. Bc3+ Ke7 22. Bb4+ Kf6 23. Bc3+ Kf5 24. Rad1 Be6 25. Kh1 Nh4 26. g3 Nf3 27. Re3 Rad8 28. Bd4 b5 29. Bb3 Kg6 30. c3 Bg4 31. Rc1 Rd7 32. Kg2 Rc8 33. Rc2 a5 34. h3 Be6 35. a4 Rb7 36. axb5 Rxb5 37. Ba4 Nxd4 38. cxd4 Rxc2 39. Bxb5 Rxb2 40. Bc6 Rb6 41. Be8 Rb4 42. Ra3 Rxd4 43. Rxa5 Rd2 44. Bc6 e3 45. Kf3 exf2 46. Ra1 d4 47. h4 Bc4 48. Be4+ Kg7 49. Rc1 f1Q+ 50. Rxf1 Bxf1 51. Kg4 d3 0-1

[Event "Titled Tuesday intern op 30th Apr Late"]
[Site "Chess.com INT"]
[Date "2024.04.30"]
[Round "5"]
[White "Hoeffer, David"]
[Black "Melkumyan, Hrant"]
[Result "0-1"]
[WhiteElo "2307"]
[BlackElo "2640"]
[PlyCount "106"]
[EventDate "2024.04.30"]
[EventType "swiss (blitz)"]
[EventRounds "11"]
[EventCountry "USA"]
[SourceTitle "EXT 2025"]
[Source "ChessBase"]
[SourceDate "2024.10.14"]
[SourceVersion "1"]
[SourceVersionDate "2024.10.14"]
[SourceQuality "1"]

1. Nc3 d5 2. e4 dxe4 3. Nxe4 Bf5 4. Ng3 Bg6 5. Nf3 e6 6. h4 h6 7. Ne5 Ne7 8. Nxg6 Nxg6 9. d4 c6 10. h5 Ne7 11. c3 Nd7 12. Ne4 Nd5 13. Qf3 N7f6 14. Nxf6+ Qxf6 15. Qxf6 Nxf6 16. Bf4 Kd7 17. Be2 Bd6 18. Bxd6 Kxd6 19. 0-0-0 a5 20. Bf3 a4 21. a3 Ra5 22. g4 Rd8 23. Kd2 Ke7 24. Ke3 Rb5 25. Rd2 Rg5 26. Kf4 e5+ 27. Kg3 exd4 28. Re1+ Kf8 29. Rxd4 Rxd4 30. cxd4 Nxh5+ 31. Kh4 Nf6 32. Bd1 Rd5 33. Bxa4 Rxd4 34. Bd1 Rd2 35. b4 Rxf2 36. b5 cxb5 37. Be2 Rf4 38. Kg3 Re4 39. Kf3 b4 40. axb4 Rxb4 41. Kg3 Re4 42. Kf3 Rxg4 43. Bb5 Rb4 44. Bf1 g5 45. Rc1 h5 46. Rc7 Rf4+ 47. Kg2 Nd5 48. Rxb7 Ne3+ 49. Kh2 Nxf1+ 50. Kh3 g4+ 51. Kh4 g3+ 52. Kh3 Rf2 53. Kh4 g2 0-1

[Event "Titled Tuesday intern op 30th Apr Late"]
[Site "Chess.com INT"]
[Date "2024.04.30"]
[Round "11"]
[White "Sarana, Alexey"]
[Black "Melkumyan, Hrant"]
[Result "1-0"]
[WhiteElo "2703"]
[BlackElo "2640"]
[PlyCount "145"]
[EventDate "2024.04.30"]
[EventType "swiss (blitz)"]
[EventRounds "11"]
[EventCountry "USA"]
[SourceTitle "EXT 2025"]
[Source "ChessBase"]
[SourceDate "2024.10.14"]
[SourceVersion "1"]
[SourceVersionDate "2024.10.14"]
[SourceQuality "1"]

1. d4 Nf6 2. c4 g6 3. Nc3 Bg7 4. e4 d6 5. Bd3 e5 6. d5 Na6 7. Nge2 Nc5 8. Bc2 a5 9. f3 h5 10. Be3 h4 11. Qd2 Qe7 12. 0-0-0 Bd7 13. Kb1 Qf8 14. g3 Bh6 15. f4 Ng4 16. Bg1 h3 17. Nb5 Bxb5 18. cxb5 b6 19. Nc3 Qe7 20. Qe2 Nf6 21. fxe5 Nfd7 22. e6 Ne5 23. Bd4 Bg7 24. exf7+ Qxf7 25. Rhf1 Qd7 26. Bxc5 bxc5 27. b6 Ke7 28. Ba4 Qc8 29. Qd2 Bh6 30. Qf2 Bg7 31. Qf4 Rh5 32. Bc6 Rb8 33. g4 Qxg4 34. bxc7 Rc8 35. Nb5 Qxf4 36. Rxf4 Nxc6 37. dxc6 Be5 38. Rf2 g5 39. Rdf1 Bf4 40. e5 dxe5 41. Rd1 Rhh8 42. Rd7+ Ke6 43. Na7 e4 44. Nxc8 Rxc8 45. Re2 e3 46. Kc2 g4 47. Kd3 Kf5 48. Rf7+ Kg5 49. Kc4 Bxc7 50. Kxc5 Bf4 51. Kb6 Rb8+ 52. Ka7 Rc8 53. Kb7 Rb8+ 54. Ka6 Rc8 55. Kb6 Rb8+ 56. Kxa5 Ra8+ 57. Kb6 Rb8+ 58. Rb7 Rc8 59. Rg7+ Kf5 60. c7 Ke4 61. Rc2 Kf3 62. Re7 Rf8 63. c8Q Rxc8 64. Rxc8 Bxh2 65. Rf8+ Kg2 66. Kb5 Bg1 67. a4 h2 68. Rh8 g3 69. a5 Kf3 70. a6 g2 71. a7 h1Q 72. a8Q+ Ke2 73. Rxh1 1-0

[Event "Titled Tuesday intern op 23rd Apr Late"]
[Site "Chess.com INT"]
[Date "2024.04.23"]
[Round "5"]
[White "Gokhale, Rishabh Chandrashek"]
[Black "Melkumyan, Hrant"]
[Result "0-1"]
[WhiteElo "2079"]
[BlackElo "2640"]
[PlyCount "94"]
[EventDate "2024.04.23"]
[EventType "swiss (blitz)"]
[EventRounds "11"]
[EventCountry "USA"]
[SourceTitle "CBM 219 Extra"]
[Source "ChessBase"]
[SourceDate "2024.05.31"]
[SourceVersion "1"]
[SourceVersionDate "2024.05.31"]
[SourceQuality "1"]

1. Nf3 g6 2. g3 Bg7 3. Bg2 c5 4. 0-0 Nc6 5. d3 e5 6. c4 Nge7 7. Nc3 0-0 8. Ne1 d6 9. Nc2 Be6 10. Ne3 Qd7 11. Re1 f5 12. Ned5 f4 13. e3 fxg3 14. hxg3 Rf7 15. Rf1 Raf8 16. Nxe7+ Nxe7 17. Bd2 Bg4 18. f3 Bh3 19. Ne4 Bh6 20. Qe2 Be6 21. f4 exf4 22. gxf4 b6 23. Bc3 d5 24. cxd5 Nxd5 25. Be5 Bg7 26. Ng5 Re7 27. Nxe6 Qxe6 28. Qf3 Nb4 29. Bh3 Qd5 30. Qxd5+ Nxd5 31. Bd6 Rxe3 32. Bxf8 Kxf8 33. Bg2 Nb4 34. f5 Ke7 35. Rae1 Rxe1 36. Rxe1+ Kd6 37. Re6+ Kd7 38. a3 gxf5 39. Re3 Bd4 40. axb4 Bxe3+ 41. Kf1 cxb4 42. Ke2 Bd4 43. b3 Kd6 44. Kf3 Ke5 45. Bh3 a5 46. Bf1 a4 47. bxa4 b3 0-1

[Event "Titled Tuesday intern op 23rd Apr Late"]
[Site "Chess.com INT"]
[Date "2024.04.23"]
[Round "1"]
[White "Schut, Lisa"]
[Black "Melkumyan, Hrant"]
[Result "0-1"]
[WhiteElo "2259"]
[BlackElo "2640"]
[PlyCount "86"]
[EventDate "2024.04.23"]
[EventType "swiss (blitz)"]
[EventRounds "11"]
[EventCountry "USA"]
[SourceTitle "CBM 219 Extra"]
[Source "ChessBase"]
[SourceDate "2024.05.31"]
[SourceVersion "1"]
[SourceVersionDate "2024.05.31"]
[SourceQuality "1"]

1. e4 e5 2. Nf3 Nc6 3. Bc4 Nf6 4. d4 exd4 5. e5 d5 6. Bb5 Ne4 7. Nxd4 Bd7 8. Bxc6 bxc6 9. 0-0 Be7 10. f3 Nc5 11. Be3 0-0 12. Nd2 f6 13. f4 fxe5 14. fxe5 Ne6 15. Nxe6 Bxe6 16. Nb3 Qe8 17. Rxf8+ Bxf8 18. Bc5 Qg6 19. Qd2 Bf5 20. c3 h6 21. Rf1 Bxc5+ 22. Nxc5 Re8 23. Qf4 Bc8 24. b4 Kh7 25. Qd4 Bh3 26. Rf2 Bg4 27. Kf1 Qg5 28. Kg1 Rxe5 29. h3 Bxh3 30. Qd3+ Bf5 31. Qd2 Qxd2 32. Rxd2 Re3 33. Rf2 Kg6 34. Rf3 Rxf3 35. gxf3 h5 36. Kf2 Kf6 37. Kg3 g5 38. Na6 h4+ 39. Kf2 Ke5 40. Nxc7 Bc8 41. Ne8 Bd7 42. Ng7 Kf6 43. Nh5+ Kg6 0-1

[Event "Titled Tuesday intern op 09th Apr Late"]
[Site "Chess.com INT"]
[Date "2024.04.09"]
[Round "10"]
[White "Melkumyan, Hrant"]
[Black "Boyer, Mahel"]
[Result "1-0"]
[WhiteElo "2640"]
[BlackElo "2432"]
[PlyCount "139"]
[EventDate "2024.04.09"]
[EventType "swiss (blitz)"]
[EventRounds "11"]
[EventCountry "USA"]
[SourceTitle "EXT 2025"]
[Source "ChessBase"]
[SourceDate "2024.10.14"]
[SourceVersion "1"]
[SourceVersionDate "2024.10.14"]
[SourceQuality "1"]

1. Nf3 d6 2. c4 e5 3. Nc3 g6 4. d4 Bg7 5. Bg5 f6 6. Bc1 Nc6 7. d5 Nce7 8. e4 f5 9. Bd3 Nf6 10. Bd2 0-0 11. Qc2 c6 12. 0-0 cxd5 13. cxd5 h6 14. Qb3 Kh8 15. Rac1 f4 16. Nb5 g5 17. Nc7 Rb8 18. Ne6 Bxe6 19. dxe6 Nc6 20. Bc3 Qe7 21. Bc4 Nxe4 22. Bd5 Nxc3 23. Rxc3 g4 24. Nd2 Nd4 25. Qd1 h5 26. Ne4 f3 27. g3 Rbc8 28. h4 b5 29. Kh2 b4 30. Rd3 Bh6 31. Rxd4 exd4 32. Qxd4+ Bg7 33. Qd3 Be5 34. Ng5 Qg7 35. Nf7+ Rxf7 36. exf7 Rf8 37. Qf5 Qh6 38. Re1 Kg7 39. Rxe5 dxe5 40. Qxe5+ Qf6 41. Qxh5 Qg6 42. Qe5+ Qf6 43. Qe4 Qg6 44. Qd4+ Kh6 45. Qxb4 Qg7 46. Qf4+ Kh7 47. Be6 Kh8 48. Qf5 Qxb2 49. Qh5+ Kg7 50. Qxg4+ Kh8 51. Qxf3 Qe5 52. Bb3 Kg7 53. Kg2 Rd8 54. Qg4+ Kh6 55. Qg8 Qd6 56. Qg5+ Kh7 57. Bc2+ Kh8 58. Qh5+ Kg7 59. Qh7+ Kf8 60. Qg8+ Ke7 61. Bb3 Qc6+ 62. Kh2 Qf3 63. Qg5+ Kd7 64. Qb5+ Kc7 65. Qc5+ Kb7 66. Qb4+ Kc7 67. Qc5+ Kb7 68. Bd5+ Rxd5 69. f8Q Rd1 70. Qxf3+ 1-0

[Event "Titled Tuesday intern op 09th Apr Late"]
[Site "Chess.com INT"]
[Date "2024.04.09"]
[Round "8"]
[White "Melkumyan, Hrant"]
[Black "Le, Quang Liem"]
[Result "0-1"]
[WhiteElo "2640"]
[BlackElo "2731"]
[PlyCount "54"]
[EventDate "2024.04.09"]
[EventType "swiss (blitz)"]
[EventRounds "11"]
[EventCountry "USA"]
[SourceTitle "EXT 2025"]
[Source "ChessBase"]
[SourceDate "2024.10.14"]
[SourceVersion "1"]
[SourceVersionDate "2024.10.14"]
[SourceQuality "1"]

1. Nf3 Nf6 2. c4 e6 3. Nc3 d5 4. e3 b6 5. b3 Bb7 6. Bb2 Bd6 7. d4 0-0 8. Bd3 Nbd7 9. 0-0 a6 10. Qe2 Re8 11. Rfd1 dxc4 12. Bxc4 b5 13. Bd3 Qb8 14. h3 c5 15. dxc5 Nxc5 16. Bc2 Rd8 17. a4 b4 18. Nb1 Nd5 19. Nbd2 Nc3 20. Bxc3 bxc3 21. Nc4 Be7 22. b4 Nd7 23. Nfe5 Nxe5 24. Nxe5 Qxe5 25. b5 axb5 26. axb5 Rxa1 27. Rxa1 Rd2 0-1

[Event "Titled Tuesday intern op 09th Apr Late"]
[Site "Chess.com INT"]
[Date "2024.04.09"]
[Round "1"]
[White "Slovineanu, Viacheslav"]
[Black "Melkumyan, Hrant"]
[Result "0-1"]
[WhiteElo "2412"]
[BlackElo "2640"]
[PlyCount "96"]
[EventDate "2024.04.09"]
[EventType "swiss (blitz)"]
[EventRounds "11"]
[EventCountry "USA"]
[SourceTitle "EXT 2025"]
[Source "ChessBase"]
[SourceDate "2024.10.14"]
[SourceVersion "1"]
[SourceVersionDate "2024.10.14"]
[SourceQuality "1"]

1. d4 Nf6 2. Nf3 g6 3. Nbd2 Bg7 4. e4 d6 5. Bb5+ Nfd7 6. a4 0-0 7. 0-0 Nc6 8. c3 e5 9. d5 Ne7 10. Bd3 f5 11. b4 Bh6 12. Nb3 Bxc1 13. Rxc1 fxe4 14. Bxe4 Nf6 15. Qd3 Bf5 16. Bxf5 Nxf5 17. Nbd2 Qd7 18. a5 a6 19. Ng5 Ng7 20. Nge4 Nxe4 21. Nxe4 Rf4 22. f3 Raf8 23. c4 Nf5 24. c5 Nd4 25. cxd6 cxd6 26. Rc4 Nb5 27. Ng5 Rxc4 28. Qxc4 Rc8 29. Qg4 Qxg4 30. fxg4 Nc3 31. Rf6 Nxd5 32. Rxd6 Nxb4 33. Rd7 Rc1+ 34. Kf2 Rc6 35. Nxh7 b6 36. g5 bxa5 37. Nf6+ Kf8 38. Ra7 a4 39. Rb7 a5 40. Ra7 Rc2+ 41. Ke3 a3 42. Rxa5 a2 43. Ra7 Rc1 44. Nh7+ Ke8 45. Nf6+ Kd8 46. Ke4 a1Q 47. Rxa1 Rxa1 48. Kxe5 Ra2 0-1

[Event "Titled Tuesday intern op 26th Mar Late"]
[Site "Chess.com INT"]
[Date "2024.03.26"]
[Round "9"]
[White "Holt, Conrad"]
[Black "Melkumyan, Hrant"]
[Result "1-0"]
[WhiteElo "2540"]
[BlackElo "2640"]
[PlyCount "103"]
[EventDate "2024.03.26"]
[EventType "swiss (blitz)"]
[EventRounds "11"]
[EventCountry "USA"]
[SourceTitle "EXT 2025"]
[Source "ChessBase"]
[SourceDate "2024.10.14"]
[SourceVersion "1"]
[SourceVersionDate "2024.10.14"]
[SourceQuality "1"]

1. d4 Nf6 2. c4 g6 3. Nc3 Bg7 4. e4 d6 5. Nf3 0-0 6. h3 c5 7. d5 e6 8. Bd3 exd5 9. cxd5 Re8 10. 0-0 c4 11. Bc2 Na6 12. Be3 Bd7 13. a4 Nb4 14. Bb1 b6 15. Qd2 a6 16. Re1 Qc7 17. Bd4 Qd8 18. Ra3 Rc8 19. Nd1 a5 20. Nc3 Re7 21. Qf4 Ne8 22. Bxg7 Kxg7 23. Nd4 f6 24. Qd2 Nc7 25. Ncb5 Nxb5 26. axb5 Rc5 27. Rae3 Bxb5 28. Ne6+ Rxe6 29. dxe6 Qe7 30. f4 Nd3 31. Bxd3 cxd3 32. f5 d5 33. e5 Rc2 34. Qd1 fxe5 35. Rxe5 Qg5 36. Qg4 Qe7 37. fxg6 hxg6 38. Rxd5 d2 39. Rd1 Rc1 40. R5xd2 Qc5+ 41. Kh2 Qe5+ 42. Qg3 Qxg3+ 43. Kxg3 Rxd1 44. Rxd1 Kf6 45. Rd6 Bc4 46. Rxb6 a4 47. Kf2 g5 48. g3 Bb3 49. h4 gxh4 50. gxh4 Bxe6 51. Ra6 Kf5 52. Rxa4 1-0

[Event "Titled Tuesday intern op 26th Mar Late"]
[Site "Chess.com INT"]
[Date "2024.03.26"]
[Round "2"]
[White "Melkumyan, Hrant"]
[Black "Grinev, Valeriy"]
[Result "1-0"]
[WhiteElo "2640"]
[BlackElo "2422"]
[PlyCount "135"]
[EventDate "2024.03.26"]
[EventType "swiss (blitz)"]
[EventRounds "11"]
[EventCountry "USA"]
[SourceTitle "EXT 2025"]
[Source "ChessBase"]
[SourceDate "2024.10.14"]
[SourceVersion "1"]
[SourceVersionDate "2024.10.14"]
[SourceQuality "1"]

1. c4 c5 2. Nf3 Nc6 3. Nc3 e5 4. e3 Nf6 5. Be2 d5 6. d4 cxd4 7. exd4 e4 8. Ne5 Bd6 9. Bf4 Be6 10. 0-0 0-0 11. Nxc6 bxc6 12. Bxd6 Qxd6 13. c5 Qf4 14. Qc1 Qh4 15. Qe3 Bg4 16. h3 Bxe2 17. Nxe2 a5 18. Rfb1 Ne8 19. b3 Nc7 20. Qf4 Qxf4 21. Nxf4 Nb5 22. Ne2 Na3 23. Rb2 Rab8 24. Rd1 f5 25. Nf4 Kf7 26. h4 g6 27. Re2 h6 28. h5 g5 29. Ng6 Rfc8 30. f3 Ke6 31. fxe4 dxe4 32. g4 Re8 33. Ne5 f4 34. Nxc6 Kd5 35. Nxb8 Rxb8 36. c6 Nb5 37. Rc2 Kd6 38. d5 Nc7 39. Rc4 Re8 40. Rdd4 Nxd5 41. c7 Rc8 42. Rxe4 Rxc7 43. Rxc7 Nxc7 44. Ra4 Ne8 45. Rxa5 Nf6 46. Ra6+ Ke5 47. a4 Nxg4 48. a5 f3 49. Ra8 Kf4 50. Rf8+ Kg3 51. a6 f2+ 52. Rxf2 Nxf2 53. a7 Nh3+ 54. Kf1 Nf4 55. a8Q Nxh5 56. Qb8+ Kg4 57. b4 Nf4 58. Qc8+ Kg3 59. b5 h5 60. b6 h4 61. Qc3+ Kg4 62. b7 h3 63. b8Q h2 64. Qbc8+ Kh4 65. Q3h8+ Kg3 66. Qcc3+ Kg4 67. Qxh2 Ne2 68. Qxe2+ 1-0

[Event "Titled Tuesday intern op 26th Mar Late"]
[Site "Chess.com INT"]
[Date "2024.03.26"]
[Round "7"]
[White "Sowinski, Pawel"]
[Black "Melkumyan, Hrant"]
[Result "0-1"]
[WhiteElo "2387"]
[BlackElo "2640"]
[PlyCount "86"]
[EventDate "2024.03.26"]
[EventType "swiss (blitz)"]
[EventRounds "11"]
[EventCountry "USA"]
[SourceTitle "EXT 2025"]
[Source "ChessBase"]
[SourceDate "2024.10.14"]
[SourceVersion "1"]
[SourceVersionDate "2024.10.14"]
[SourceQuality "1"]

1. e4 c6 2. Nf3 d5 3. d3 g6 4. e5 Bg4 5. d4 e6 6. Nbd2 c5 7. c3 Nc6 8. h3 Bxf3 9. Nxf3 Bg7 10. Be2 Nge7 11. 0-0 Qb6 12. b3 cxd4 13. cxd4 0-0 14. Bb2 Rfc8 15. Qd2 a5 16. g4 a4 17. Ba3 axb3 18. Bc5 Qa5 19. Qxa5 Rxa5 20. axb3 Rxc5 21. dxc5 Nxe5 22. Nxe5 Bxe5 23. Ra5 Nc6 24. Rb5 Nd4 25. f4 Nxe2+ 26. Kf2 Nxf4 27. b4 Rc7 28. Ke3 g5 29. h4 Ng2+ 30. Kd3 gxh4 31. Rh1 h3 32. Rb6 h2 33. Rc1 Nf4+ 34. Ke3 Nh3 35. Rh1 d4+ 36. Kf3 d3 37. Kg2 Nf4+ 38. Kf3 Nd5 39. Ke4 Nxb6 40. cxb6 Rd7 41. Kxe5 d2 42. Kf6 d1Q 43. g5 Qd4# 0-1